| Tag |
First Indicator |
Second Indicator |
Subfields |
| LEADER |
00000cam a2200000 4500 |
| 001 |
in00000034789 |
| 005 |
20151007063408.0 |
| 008 |
720510s1952 nyu b 00000 eng u |
| 010 |
|
|
|a 53007997
|
| 020 |
|
|
|a 083696022X
|
| 035 |
|
|
|a (OCoLC)00304977
|
| 035 |
|
|
|9 AAD7298AM
|
| 040 |
|
|
|c HEI
|d TXA
|d UtOrBLW
|
| 049 |
|
|
|a TXAM
|c [219157]
|
| 050 |
0 |
0 |
|a PR1195.P3
|b K4
|
| 082 |
0 |
|
|a 821/.00803
|
| 092 |
|
|
|a 821.06
|b K39e
|
| 100 |
1 |
|
|a Kermode, Frank,
|d 1919-2010.
|
| 245 |
1 |
0 |
|a English pastoral poetry :
|b from the beginnings to Marvell.
|
| 264 |
|
1 |
|a New York :
|b Barnes & Noble,
|c [1952?]
|
| 300 |
|
|
|a 256 pages ;
|c 19 cm.
|
| 336 |
|
|
|a text
|b txt
|2 rdacontent
|
| 337 |
|
|
|a unmediated
|b n
|2 rdamedia
|
| 338 |
|
|
|a volume
|b nc
|2 rdacarrier
|
| 490 |
1 |
|
|a Life, literature, and thought library
|
| 504 |
|
|
|a Includes bibliography.
|
| 650 |
|
0 |
|a Pastoral poetry, English.
|
| 830 |
|
0 |
|a Life, literature, and thought library.
|
| 999 |
|
|
|a MARS
|
| 999 |
f |
f |
|s 8d788160-9155-3a1c-9327-2003e10a6fd8
|i 89ab8dc7-aaee-336b-9676-a91a76a3c31c
|t 0
|
| 952 |
f |
f |
|p normal
|a Texas A&M University
|b College Station
|c Sterling C. Evans Library
|d Evans: Library Stacks
|t 0
|e PR1195.P3 K4
|h Library of Congress classification
|i unmediated -- volume
|m A14801290150
|
| 998 |
f |
f |
|a PR1195.P3 K4
|t 0
|l Evans: Library Stacks
|